Guess the Letter-shaped Flags #3 - Statistics

General Stats
  • This quiz has been taken 92 times
  • The average score is 17 of 20
Answer Stats
Picture Answer % Correct
Russia
100%
Kazakhstan
96%
India
95%
Malaysia
93%
Afghanistan
91%
Nepal
91%
Slovakia
89%
Peru
87%
San Marino
87%
Canada
85%
Lebanon
85%
Vietnam
85%
Bahamas
84%
Bulgaria
84%
Mozambique
84%
Tuvalu
84%
Guinea
83%
Switzerland
83%
Gabon
76%
East Timor
68%
No matching quizzes found
Score Distribution
Percent of People with Each Score
Percentile by Number Answered
Your Score History
You have not taken this quiz